000
00192nam a2200085Ia 4500
008
120527s9999 xx 000 0 und d
100
_a
Burns, et al
245
_a
World Civilization.
942
_c
BK
999
_c
27680
_d
27680